De lo espiritual en el arte: contribución al análisis de los elementos pictóricos

Zapisane w:
Opis bibliograficzny
1. autor: Kandinsky, Wassily, 1866-1944 Kandinski, Vasili Vasílievich (autor)
Format: Książka
Język:hiszpański
Wydane: Barcelona Ediciones Paidós 2016
Wydanie:1a. ed
Seria:Paidós Estética, 24
Hasła przedmiotowe:
Etykiety: Dodaj etykietę
Nie ma etykietki, Dołącz pierwszą etykiete!

MARC

LEADER 00000cam a2200000 a 4500
001 UCC1782
003 CL-VaPUC
008 171124e20160000sp |||||||||||||||||spa|d
020 |a 9789501251241 
082 0 4 |a 701.17  |b KAN  |2 21 
100 |a Kandinsky, Wassily,  |d 1866-1944  |q Kandinski, Vasili Vasílievich   |e autor  |9 595855 
245 1 0 |a De lo espiritual en el arte: contribución al análisis de los elementos pictóricos 
250 |a 1a. ed 
300 |a 116 p 
942 |c BK 
945 |d 20171124 15:27:00  |a arojas 
260 |a Barcelona  |b Ediciones Paidós  |c 2016 
650 0 |a Estética   |9 264950 
650 0 |a Arte  |9 265238 
650 0 |a Pintura  |9 265046 
650 0 |a Colores  |9 268982 
583 |a last modification  |c 20171124 15:27:00  |k Rodrigo Vera 
490 0 |a Paidós Estética, 24 
999 |c 370147  |d 370145 
952 |0 0  |1 0  |3 erb  |4 0  |6 701_170000000000000_KAN_2016  |7 0  |8 A  |9 486470  |a BIBEDU  |b BIBEDU  |c ES_NOD  |i 5437849  |o 701.17 KAN 2016  |p 5437849  |r 2023-08-09  |w 2019-11-24  |y BK  |z Catalogado en:20171124  |k FIL